000 01015nam0a22002891 4500
001 rc\3378367
005 20250609223151.0
021 _aRU
_b[75-1168]
035 _a(NLR Aleph) 007532931
090 _a7760578
_c7760578
100 _a20130115d1974 |||y0rusy50 ca
101 0 _arus
102 _aRU
105 _ay z |||||
200 1 _aВсе резервы - в действие
_f[Лит. запись П.Ф. Сидоровича]
210 _aМинск
_cБеларусь
_d1974
215 _a32 с.
_d20
225 1 _aГерои девятой пятилетки
300 _aАвт. - токарь-оператор Мин. подшипникового з-да
606 _aПодшипниковое производство
_xОрганизация труда
_2psbo
700 1 _aАвсиевич
_bС.И.
_gСергей Ильич
702 1 _aСидорович
_bП.Ф.
_4570
801 0 _aRU
_bNLR
_gpsbo
801 1 _aRU
_bELAR
_2rusmarc
852 _aNLR
_j74-4/34408
942 _cBOOK
980 _aNB